000 01144nam a2200277 i 4500
001 bg
245 1 0 _aPolska czerwona księga roślin :
_bpaprotniki i rośliny kwiatowe /
_c[red. Róża Kaźmierczakowa, Kazimierz Zarzycki] ; Polska Akademia Nauk. Instytut Botaniki im. W. Szafera, Instytut Ochrony Przyrody.
260 _aKraków :
_bWydawnictwa Instytut Botaniki PAN,
_c2001.
300 _a664 s. :
_bil. kolor. ;
_c30 cm.
500 _aTyt. równol.: "Polish red data book of plants, pteridophytes anf foweing plants". - Strszcz. ang.
650 9 _aRośliny chronione
_zPolska
650 9 _aPaprotniki
_zPolska
655 _aAtlasy
700 1 _aKAŹMIERCZAKOWA, Róża.
_eRed.
700 1 _aZARZYCKI, Kazimierz.
_eRed.
710 _aPolska Akademia Nauk
_bInstytut Botaniki im. W. Szafera
710 _aPolska Akademia Nauk
_bInstytut Ochrony Przyrody
020 _a8385444858
040 _cBPK
041 0 _apl
_ben
080 _a582:502.7](438)(083.8)
920 _a83-85444-85-8
942 _cKS
008 s pl f |000 0 pol
999 _c40506
_d40506
856 _uhttp://koha.tu.koszalin.pl/cgi-bin/koha/opac-detail.pl?biblionumber=40506
_yKatalog online BPK